IASB posted a draft on general hedge accounting

Guardado en:
Detalles Bibliográficos
Autor principal: Ješš, Michal, 1986-
Formato: Capítulo de libro
Lenguaje:inglés
Etiquetas: Agregar Etiqueta
Sin Etiquetas, Sea el primero en etiquetar este registro!

MARC

LEADER 00000nla a2200000 4500
001 0161069
005 20240502072810.2
041 0 |a eng 
044 |a SK 
245 1 0 |a IASB posted a draft on general hedge accounting  |c Michal Ješš 
100 1 |a Ješš, Michal, 1986-